Geschichte der kirche: in ideengeschichtlicher betrachtung. Eine geschichtliche sinndeutung der christlichen vergangenheit
保存先:
| 第一著者: | |
|---|---|
| フォーマット: | 図書 |
| 言語: | ドイツ語 |
| 出版事項: |
Münster
Aschendorffsche
1959
|
| 版: | 1a. ed |
| 主題: | |
| タグ: |
タグ追加
タグなし, このレコードへの初めてのタグを付けませんか!
|
MARC
| LEADER | 00000cam a2200000 a 4500 | ||
|---|---|---|---|
| 001 | UCD4645 | ||
| 003 | CL-VaPUC | ||
| 008 | 160713e19590000gw |||||||||||||||||ger|d | ||
| 082 | 0 | 4 | |a 282 |b LOR |2 21 |
| 100 | |a Lortz, Joseph |e autor |9 588381 | ||
| 245 | 1 | 0 | |a Geschichte der kirche: in ideengeschichtlicher betrachtung. Eine geschichtliche sinndeutung der christlichen vergangenheit |
| 250 | |a 1a. ed | ||
| 300 | |a 464 p | ||
| 942 | |c BK | ||
| 945 | |d 20160713 20:53:00 |a arojas | ||
| 260 | |a Münster |b Aschendorffsche |c 1959 | ||
| 650 | 0 | |a Iglesia Católica |9 256114 | |
| 650 | 0 | |a Historia de la iglesia católica |9 310593 | |
| 650 | 0 | |a Cristianismo |9 257361 | |
| 583 | |a last modification |c 20160713 20:53:00 |k Rodrigo Vera | ||
| 999 | |c 365516 |d 365514 | ||
| 952 | |0 0 |1 0 |3 erd |4 0 |6 282_000000000000000_LOR_1959 |7 0 |8 A |9 479397 |a FDOHBE |b FDOHBE |e Huesbe Llanos, Marco Antonio, 1934- |i 5306345 |o 282 LOR 1959 |p 5306345 |r 2024-01-30 |w 2019-11-24 |y BK |z Catalogado en:20160713 |k HBE | ||